000 00594nam a22001931a 4500
020 _c0.00
040 _aNEGST Library - Kenya
082 _aLC 473.P45 1971
100 _aKienel, Paul A.
245 _aThe philosophy of Christian school education
_cedited by Dr. Paul A. Kienel
_h[Text]
250 _aRev.ed.
260 _aColorado Springs, Co
_bACSI
_cc1978
300 _a234 p.;
500 _aIncludes bibliographical references and index.
600 _aChristian education
_xPhilosophy.
700 _aBerry, Sharon R.
852 _915.50
942 0 0 _08
999 _c35877
_d35877